Pseudo equilibrios de expectativas (Registro nro. 24920)

Detalles MARC
000 -LEADER
fixed length control field 00350 a2200121 4500
001 - CONTROL NUMBER
control field ART_47032
005 - DATE AND TIME OF LATEST TRANSACTION
control field 20260410161850.0
008 - FIXED-LENGTH DATA ELEMENTS--GENERAL INFORMATION
fixed length control field 260409a
100 1# - MAIN ENTRY--PERSONAL NAME
Personal name Heymann, Daniel
245 10 - TITLE STATEMENT
Title Pseudo equilibrios de expectativas
700 1# - ADDED ENTRY--PERSONAL NAME
Personal name Sanguinetti, Pablo
773 0# - HOST ITEM ENTRY
Title Económica
Related parts - Año XLVI, Nº 1 (ene./jun. 2000)
Record control number REV7541

No hay ítems disponibles.